Highlander. The raven /

Amanda Derieux has roamed the world for 1,200 years-- romancing kings, cavorting with thieves, and using her preternatural street smarts to evade the blades of countless evil Immortals.

Bibliographic Details
Corporate Authors: Davis-Panzer Productions (Firm), GTV (Firm), Davis-Anderson Merchandising Corp, Anchor Bay Entertainment, Inc
Other Authors: Gracen, Elizabeth, Johansson, Paul, 1964-
Format: Video DVD
Language:English
Language Notes:Closed-captioned for the hearing impaired.
Published: ©2005
Subjects:

MARC

Tag First Indicator Second Indicator Subfields
LEADER 00000cgm a2200000Ka 4500
001 in00002743708
005 20151202150604.0
006 m u
007 vd cvaizq
008 050805s2005 miu000 vleng d
024 1 |a 013131284591 
028 4 2 |a DV12845  |b Anchor Bay Entertainment 
035 |a (OCoLC)ocm61214101 
035 |a (OCoLC)61214101 
040 |a CLE  |b eng  |c CLE  |d BTCTA  |d OCLCQ  |d RCS  |d OCLCQ  |d TXA  |d UtOrBLW 
049 |a TXAM 
050 1 4 |a PN1992.8.A317  |b H544536347 2005 
082 0 4 |a 791.45/75  |2 22 
090 |a PN1992.77.H542  |b H54 2005 
245 0 0 |a Highlander.  |p The raven /  |c Davis-Panzer Productions, Inc. ; Gétévé ; Davis-Anderson Merchandising Corp. 
246 3 0 |a Raven 
264 2 |a Troy, MI :  |b Distributed by Anchor Bay Entertainment,  |c [2005] 
264 4 |c ©2005 
300 |a 8 videodiscs (1078 min.) :  |b sound, color ;  |c 4 3/4 in. +  |e 1 CD-ROM (4 3/4 in.) 
336 |a two-dimensional moving image  |b tdi  |2 rdacontent 
337 |a video  |b v  |2 rdamedia 
338 |a videodisc  |b vd  |2 rdacarrier 
538 |a DVD; Dolby Digital 5.1 surround. 
546 |a Closed-captioned for the hearing impaired. 
500 |a Title from container. 
511 1 |a Elizabeth Gracen, Paul Johansson. 
500 |a Originally broadcast on television in 1998. 
500 |a Contains all 22 episodes of the television series. 
521 8 |a Not rated. 
520 |a Amanda Derieux has roamed the world for 1,200 years-- romancing kings, cavorting with thieves, and using her preternatural street smarts to evade the blades of countless evil Immortals. 
505 0 |a Disc one: Reborn ; Full disclosure ; Bloodlines -- Disc two: Immunity ; So shall ye reap ; Birthright -- Disc three: Crime & punishment ; The unknown soldier ; Cloak & dagger -- Disc four: Passion play ; The devil you know ; A matter of time -- Disc five: The French connection ; The rogue ; Inferno -- Disc six: The frame ; Love & death ; Thick as thieves -- Disc seven: The manipulator ; The ex-files ; War & peace -- Disc eight: Dead on arrival. 
500 |a Special features: Disc one: "Reborn" audio/video commentary by Elizabeth Gracen and Don Paonessa; interview featurette; photo gallery ; Disc two: Interview featurette ; Disc three: Interview featurette ; Disc four: "The devil you know" audio/video commentary by Paul Johansson and Don Paonessa; interview featurette ; Disc five: Interview featurette ; Disc six: "The frame" audio/video commentary by Elizabeth Gracen and Don Paonessa; interview featurette ; Disc seven: Interview featurette ; Disc eight: "Dead on arrival" audio/video commentary by Paul Johansson, Don Paonessa, Elizabeth Gracen & George Mendeluk; interview featurette; bloopers ; Disc nine (CD-ROM): Scripts; bios; trivia; production notes; storyboards. 
500 |a Videorecording. 
650 0 |a Heroes  |v Drama. 
650 0 |a Immortalism  |v Drama. 
650 0 |a Imaginary wars and battles  |v Drama. 
650 0 |a Good and evil  |v Drama. 
655 7 |a Action and adventure television programs.  |2 lcgft 
655 7 |a Fantasy television programs.  |2 lcgft 
655 7 |a Television programs.  |2 lcgft 
655 7 |a Television programs for the hearing impaired.  |2 lcgft 
700 1 |a Gracen, Elizabeth. 
700 1 |a Johansson, Paul,  |d 1964- 
710 2 |a Davis-Panzer Productions (Firm) 
710 2 |a GTV (Firm) 
710 2 |a Davis-Anderson Merchandising Corp. 
710 2 |a Anchor Bay Entertainment, Inc. 
730 0 |a Highlander.  |p Raven (Television program) 
938 |a Baker and Taylor  |b BTCP  |n be2005014849 
994 |a C0  |b TXA 
948 |a cataloged  |b h  |c 2012/1/27  |d c  |e blrosas  |f !):25:37 am 
999 |a MARS 
999 f f |s 329de567-e0b0-354b-ba37-6fd0f9d4ec3a  |i bc39b348-055a-3384-9f6a-ac157c629c58  |t 0 
952 f f |p dvd  |a Texas A&M University  |b College Station  |c Sterling C. Evans Library  |d Evans: Media and Reserves (Annex 1st floor)  |t 0  |e PN1992.77.H542 H54 2005  |h Library of Congress classification  |i video -- videodisc  |m A14841345775 
998 f f |a PN1992.77.H542 H54 2005  |t 0  |l Evans: Media and Reserves (Annex 1st floor)